000
00341nam a2200145Ia 4500
100
_a
Gumhalter/ H.
490
_v
II
942
_c
BK
654
_a
Power
245
_a
Power Supply Systems- Equipment Engg and Planning Instrustions
260
_b
Wiley eastern
_a
New Delhi
_c
1989
082
_a
621.38232
546
_a
ENGLISH
999
_c
20234
_d
20234